Most visited US national parks A-Z - Statistics

General Stats
  • This quiz has been taken 192 times
    143 since last reset
  • The average score is 14 of 22
Answer Stats
Hint Answer % Correct
Y Yosemite
96%
Z Zion
92%
E Everglades
87%
A Acadia
83%
G Great Smoky Mountains
80%
J Joshua Tree
77%
B Bryce Canyon
68%
D Death Valley
67%
H Hawaii Volcanoes
67%
O Olympic
67%
R Rocky Mountain
67%
S Shenandoah
56%
M Mount Rainier
54%
I Indiana Dunes
50%
T Theodore Roosevelt
50%
L Lassen Volcanic
48%
C Cuyahoga Valley
47%
K Kings Canyon
45%
P Petrified Forest
45%
W Wind Cave
42%
N New River Gorge
38%
V Virgin Islands
37%
No matching quizzes found
Score Distribution
Percent of People with Each Score
Percentile by Number Answered
Your Score History
You have not taken this quiz since the last reset